000 01866cam a2200469 i 4500
999 _c529838
_d529838
001 17845852
003 NUST
005 20191003142355.0
008 130809s2013 nyu 000 1 eng
010 _a 2013027726
020 _a9781455521319 (hardback)
020 _a9781455576203 (large print hardcover)
020 _z9781478925026 (audiobook)
020 _z9781478925033 (audio download)
020 _z9781455521227 (ebook)
020 _a9781455548835 (internat'l pbk.)
038 _awaseem
040 _aDLC
_beng
_cDLC
_erda
_dDLC
042 _apcc
050 0 0 _aPS3552.A446
_bK56 2013
082 0 0 _a813.54
_bBAL
084 _aFIC031000
_2bisacsh
100 1 _aBaldacci, David.
_96689
245 1 0 _aKing and Maxwell /
_cDavid Baldacci.
250 _aFirst Edition.
264 1 _aNew York :
_bGrand Central Publishing,
_c2013.
300 _a422 pages ;
_c24 cm
336 _atext
_2rdacontent
337 _aunmediated
_2rdamedia
338 _avolume
_2rdacarrier
490 0 _aKing & Maxwell
520 _a"Sean King and Michelle Maxwell return in the latest blockbuster thriller from #1 New York Times bestselling author David Baldacci. Watch King & Maxwell, TNT's new series based on David Baldacci's blockbuster novels, on Mondays at 10 p.m. (ET/PT) "--
_cProvided by publisher.
650 0 _aKing, Sean (Fictitious character)
_vFiction.
_922756
650 0 _aMaxwell, Michelle (Fictitious character)
_vFiction.
_922757
650 0 _aPrivate investigators
_vFiction.
_922663
650 0 _aSecurity, International
_vFiction.
_922758
650 7 _aFICTION / Thrillers.
_2bisacsh
_922571
655 7 _aSuspense fiction.
_2gsafd
_94577
906 _a7
_bcbc
_corignew
_d1
_eecip
_f20
_gy-gencatlg
942 _2ddc
_cBK